|
|
|
|
| LEADER |
00000nam0a2200000 4500 |
| 001 |
99926 |
| 005 |
20231101214301.0 |
| 035 |
|
|
|a (RuTPU)RU\TPU\book\107465
|
| 090 |
|
|
|a 99926
|
| 100 |
|
|
|a 20060731d1967 k y0rusy50 ca
|
| 101 |
0 |
|
|a rus
|
| 102 |
|
|
|a RU
|
| 105 |
|
|
|a y a 001zy
|
| 200 |
1 |
|
|a "Успехи химии"
|e указатель авторский и предметный за 10 лет (1957 - 1966)
|
| 210 |
|
|
|a Москва
|c Наука
|d 1967
|
| 215 |
|
|
|a 68 с.
|
| 606 |
1 |
|
|a Химия
|2 stltpush
|3 (RuTPU)RU\TPU\subj\17362
|9 43035
|
| 610 |
1 |
|
|a периодические издания
|
| 610 |
1 |
|
|a публикации
|
| 610 |
1 |
|
|a библиографические указатели
|
| 675 |
|
|
|a 54(01)
|v 3
|
| 686 |
|
|
|a Я19
|v LBC/SL-A
|2 rubbk
|
| 801 |
|
1 |
|a RU
|b 63413507
|c 20060731
|g PSBO
|
| 801 |
|
2 |
|a RU
|b 63413507
|c 20221111
|g RCR
|
| 942 |
|
|
|c BK
|